Normal view
MARC view
- Cecil, Henry,
Entry Personal Name
001 - CONTROL NUMBER
- control field: 85367
003 - CONTROL NUMBER IDENTIFIER
- control field: NUST
005 - DATE AND TIME OF LATEST TRANSACTION
- control field: 20211201092946.0
008 - FIXED-LENGTH DATA ELEMENTS
- fixed length control field: 211201|| aca||aabn | a|a d
040 ## - CATALOGING SOURCE
- Original cataloging agency: NUST
- Transcribing agency: NUST
100 ## - HEADING--PERSONAL NAME
- Personal name: Cecil, Henry,
- Dates associated with a name: 1902-1976
670 ## - SOURCE DATA FOUND
- Source citation: Work cat.: (NUST)0: Cecil, Henry, 1902-1976., Truth with her boots on /, 1974.
